Statistics for [Monster Hunter] Monster Hunter: World Quiz

Click here to take the quiz!

General Stats

  • This quiz has been taken 416 times
    (397 since last reset)
  • The average score is 39 of 72

Answer Stats

CategoryAnswer% Correct
WeaponsBow
92%
WeaponsGreat Sword
92%
WeaponsLong Sword
92%
WeaponsSword and Shield
87%
WeaponsHeavy Bowgun
86%
WeaponsLight Bowgun
86%
Large MonstersGreat Jagras
84%
WeaponsDual Blades
83%
WeaponsHammer
83%
WeaponsGunlance
81%
WeaponsLance
81%
WeaponsSwitch Axe
80%
WeaponsInsect Glaive
79%
Large MonstersRathalos
79%
WeaponsCharge Blade
78%
Large MonstersRathian
78%
LocationsAncient Forest
77%
WeaponsHunting Horn
75%
Small MonstersJagras
74%
Large MonstersTeostra
72%
LocationsCoral Highlands
71%
Large MonstersAnjanath
70%
Large MonstersDiablos
69%
LocationsElder's Recess
68%
Large MonstersPukei-Pukei
67%
Large MonstersKulu-Ya-Ku
66%
Large MonstersNergigante
66%
Large MonstersOdogaron
66%
LocationsRotten Vale
66%
LocationsWildspire Waste
65%
Large MonstersBarroth
64%
Large MonstersPink Rathian
61%
Large MonstersGreat Girros
60%
Large MonstersLunastra
60%
Large MonstersVaal Hazak
60%
Large MonstersKushala Daora
59%
Large MonstersXeno'jiiva
58%
Large MonstersLegiana
57%
Large MonstersAzure Rathalos
56%
Large MonstersBlack Diablos
56%
Large MonstersDeviljho
56%
Large MonstersTobi-Kadachi
53%
LocationsAstera
52%
Small MonstersGirros
52%
Large MonstersDodogama
51%
Large MonstersRadobaan
51%
Large MonstersTzitzi-Ya-Ku
50%
Large MonstersUragaan
50%
Large MonstersPaolumu
47%
Large MonstersBazelgeuse
44%
Large MonstersBehemoth
44%
Large MonstersKirin
44%
Large MonstersLavasioth
43%
Large MonstersJyuratodus
42%
Large MonstersZorah Magdaros
42%
Large MonstersKulve Taroth
34%
LocationsResearch Base
32%
Small MonstersAptonoth
29%
Small MonstersVespoid
26%
Small MonstersKestodon
25%
Small MonstersShamos
24%
Small MonstersApceros
22%
Small MonstersBarnos
20%
Small MonstersHornetaur
17%
Small MonstersKelbi
16%
Small MonstersGastodon
15%
Small MonstersNoios
13%
Small MonstersRaphinos
13%
Small MonstersGajau
11%
Small MonstersMernos
11%
Small MonstersMosswine
10%
Small MonstersGrimalkyne
6%

Score Distribution

Percentile by Number Answered

Percent of People with Each Score

Your Score History

You have not taken this quiz since the last reset